[Event "Pavlodar op"]
[Site "Pavlodar"]
[Date "2016.11.22"]
[Round "3"]
[White "Babujian, Levon"]
[Black "Oshakbayev, Bauyrzhan"]
[Result "1-0"]
[WhiteElo "2461"]
[BlackElo "2146"]
[PlyCount "68"]
[EventDate "2016.11.21"]
[EventType "swiss"]
[EventRounds "10"]
[EventCountry "KAZ"]
[SourceTitle "EXT 2018"]
[Source "ChessBase"]
[SourceDate "2017.10.13"]
[SourceVersion "1"]
[SourceVersionDate "2017.10.13"]
[SourceQuality "1"]

1. d4 d6 2. e4 Nf6 3. Nc3 Nbd7 4. f4 e5 5. Nf3 exd4 6. Qxd4 c6 7. Be2 Qb6 8. Qxb6 axb6 9. 0-0 Nc5 10. Nd2 b5 11. b4 Na4 12. Nxa4 Rxa4 13. a3 d5 14. e5 Nd7 15. Bb2 Be7 16. f5 Bg5 17. Nb3 Be3+ 18. Kh1 0-0 19. Rae1 Bb6 20. e6 Nf6 21. Bxf6 gxf6 22. Bh5 Rxa3 23. Rf4 fxe6 24. fxe6 Bxe6 25. Rxe6 Ra2 26. Bd1 Kg7 27. g3 Bc7 28. Rf2 Be5 29. Kg2 Bc3 30. Rf4 Ra4 31. Nc5 Raa8 32. Re7+ Kg6 33. Ne6 Rfe8 34. Rg7+ Kh6 1-0

[Event "KAZ-ch"]
[Site "Pavlodar"]
[Date "2015.05.11"]
[Round "1"]
[White "Khusnutdinov, Rustam"]
[Black "Oshakbayev, Bauyrzhan"]
[Result "1-0"]
[WhiteElo "2509"]
[BlackElo "2115"]
[PlyCount "53"]
[EventDate "2015.05.11"]
[EventType "swiss"]
[EventRounds "9"]
[EventCountry "KAZ"]
[SourceTitle "EXT 2016"]
[Source "ChessBase"]
[SourceDate "2015.10.08"]
[SourceVersion "1"]
[SourceVersionDate "2015.10.08"]
[SourceQuality "1"]

1. e4 c5 2. Nf3 g6 3. d4 cxd4 4. Qxd4 Nf6 5. e5 Nc6 6. Qa4 Nd5 7. Qe4 Nb6 8. Bf4 Bg7 9. Nc3 d5 10. exd6 Bf5 11. Qe3 0-0 12. 0-0-0 exd6 13. Bxd6 Re8 14. Qf4 Qc8 15. Bd3 Be6 16. Ng5 h6 17. Nge4 f5 18. Nc5 Bf7 19. Rhe1 a5 20. Rxe8+ Qxe8 21. Bb5 Qc8 22. h4 Nb4 23. a3 N4d5 24. Nxd5 Nxd5 25. Qf3 Nc7 26. Bd7 Qd8 27. Qxb7 1-0